Państwa najbliżej Barbadosu - jednominutowy sprint - Statystyki

Ogólne statystyki
  • Ten quiz został rozwiązany 54 razy
  • Średni wynik to 12 z 20
Statystyki odpowiedzi
km Państwo % Poprawnych
276 Dominika
77%
1 727 Kuba
73%
1 094 Dominikana
70%
721 Stany Zjednoczone (Wyspy Dziewicze)
70%
214 Trynidad i Tobago
70%
355 Wenezuela
68%
146 Saint Lucia
66%
503 Gujana
64%
161 Saint Vincent i Grenadyny
64%
185 Grenada
59%
1 400 Haiti
59%
522 Saint Kitts i Nevis
59%
1 149 Kolumbia
57%
829 Surinam
57%
465 Antigua i Barbuda
55%
1 668 Bahamy
50%
863 Brazylia
45%
177 Francja (Martynika)
45%
937 Holandia (Bonaire)
23%
459 Wielka Brytania (Montserrat)
23%
Nie znaleziono quizów pasujących do podanych kryteriów
Rozkład punktacji
Procent ludzi z każdym wynikiem
Percentyl według liczby udzielonych odpowiedzi
Twoja historia wyników
Nie rozwiązałeś tego quizu